Most popular pet species in Europe - Statistics

General Stats
  • This quiz has been taken 46 times
  • The average score is 6 of 7
Answer Stats
Rank n. Answer % Correct
#1 66 millions cat
100%
#2 61 millions dog
100%
#3 40 millions bird
97%
#5 9 millions aquatic creatures
89%
#6 7 millions reptiles
87%
#4 21 millions small mammals
76%
#7 3,4 millions arthropods
47%
No matching quizzes found
Score Distribution
Percent of People with Each Score
Percentile by Number Answered
Your Score History
You have not taken this quiz